Дело о награждении прусского подданного Эрнеста Пегелау золотой медалью за поставку продовольственных припасов в рабочие арестан...

Доступно только в Электронных читальных залах Найти на картеНа карте
RUSMARC
00003820nmc2a22000003x 450
00176ff4220-908f-43f2-b3a6-389df6609595
00520210315115730.0
100##$a20181207l18671868k l0rusy0189 ca
1010#$arus
102##$aRU
2001#$aДело о награждении прусского подданного Эрнеста Пегелау золотой медалью за поставку продовольственных припасов в рабочие арестантские роты, бывшие в 1867 году на работах по устройству Южной железной дороги
$j20 ноября 1867 г. - 28 февраля 1868 г.
251##$cДело
300##$aДело
801#0$aRU
$bРГИА
$c20181207
$gRCR
801#1$aRU
$bГлавНИВЦ
$c20181207
$2rusmarc
801#2$aRU
$bПБ им. Б.Н. Ельцина
$c20210315
$gRCR
$2rusmarc
850##$aРГИА
852##$aРГИА
$eФедеральное казенное учреждение "Российский государственный исторический архив" (РГИА)
$j760
937##$hРГИА
$d12295086
$aASBIBLIO_SCAN
462#0$100191353b96-cc3d-4f24-9eeb-3bfef1665a95
$12001
$aДела Департамента полиции исполнительной МВД за 1867 год
$1251
$cОпись
$1852
$j28
$l1867 г.
461#0$10013e300ed0-cd39-49af-8489-5ba5b90fa401
$12001
$aДепартамент полиции исполнительной МВД
$1251
$cФонд
$1852
$j1286
215##$a19 л.
$d36,5х26 см
371##$aДокумент не является опубликованным и широко распространяемым
1222#$ad
105##$ay###
035##$a76ff4220-908f-43f2-b3a6-389df6609595
856##$uhttp://readingroom.main.prlib.ru/item.aspx?id_node=n158643581&mode=full
Формат отображения